[Event "Sparkassen-Open B"]
[Site "Heusenstamm, Martinsee"]
[Date "2016.11.27"]
[Round "5.30"]
[White "Pomrehn, Ole Magnus"]
[Black "Friedel, Thomas"]
[Result "1/2-1/2"]
[WhiteElo "1137"]
[BlackElo "1578"]
[PlyCount "145"]
[EventDate "2016.??.??"]
[WhiteTeam "SF Schöneck"]
[BlackTeam "SV Groß-Gerau"]

1. d4 d5 2. Nf3 Nf6 3. e3 c6 4. Bd3 Bg4 5. Nbd2 Nbd7 6. c3 e5 7. dxe5 Nxe5 8.
Be2 Nxf3+ 9. Nxf3 Bd6 10. O-O O-O 11. Qb3 Qc7 12. h3 Bh5 13. Bd2 Ne4 14. Qc2
Rfe8 15. Rfe1 Bxf3 16. Bxf3 Bh2+ 17. Kf1 Nxd2+ 18. Qxd2 Be5 19. Rad1 Rad8 20.
Qc2 g6 21. Rd3 Rd6 22. Red1 Red8 23. R3d2 Qa5 24. a3 f5 25. Qb3 Qc7 26. c4 dxc4
27. Qxc4+ Kg7 28. Rxd6 Rxd6 29. Rxd6 Qxd6 30. Qc2 Qf6 31. b3 Bb2 32. a4 Qc3 33.
Qxc3+ Bxc3 34. Ke2 Kf6 35. Kd3 Be1 36. Ke2 Bb4 37. Kd3 Ke5 38. Bd1 Kd5 39. f3
Bd6 40. f4 Kc5 41. Kc3 Be7 42. g3 Bf6+ 43. Kd3 Kd5 44. Bf3+ Kc5 45. Bd1 h6 46.
Bf3 Kb4 47. Bd1 b5 48. Ke2 Kc3 49. Ke1 Kd3 50. Kf2 bxa4 51. bxa4 c5 52. g4 a5
53. Kf3 c4 54. Be2+ Kc3 55. e4 fxe4+ 56. Kxe4 Kb3 57. Bd1+ Kb2 58. Ke3 Kc1 59.
Ke2 Bb2 60. h4 Kb1 61. Kd2 Bd4 62. Bc2+ Kb2 63. Bxg6 c3+ 64. Kd1 Be3 65. Bc2
Bxf4 66. h5 Bd2 67. Bd3 Kb3 68. Bc2+ Ka3 69. Ke2 Kb4 70. Kd3 Ka3 71. Ke2 Ka2
72. Kd1 Kb2 73. Bd3 1/2-1/2

[Event "Sparkassen-Open B"]
[Site "Heusenstamm, Martinsee"]
[Date "2016.11.27"]
[Round "5.31"]
[White "Stork, Christopher"]
[Black "Martin, Lukas"]
[Result "0-1"]
[WhiteElo "1561"]
[BlackElo "1421"]
[PlyCount "100"]
[EventDate "2016.??.??"]
[WhiteTeam "SV Oberursel"]
[BlackTeam "SC Bad Soden"]

1. e4 c5 2. Nf3 e6 3. d4 cxd4 4. Nxd4 Nc6 5. Nb3 Qc7 6. Nc3 Nf6 7. Bd3 a6 8.
Bd2 Be7 9. O-O O-O 10. a3 b5 11. Re1 Bb7 12. f3 Ne5 13. Be3 Rfd8 14. Bd4 Nxd3
15. cxd3 d5 16. e5 Nd7 17. f4 Bc5 18. Bxc5 Nxc5 19. Nxc5 Qxc5+ 20. d4 Qb6 21.
Rc1 Rac8 22. Qd2 Rc4 23. Red1 f6 24. Qe3 fxe5 25. Qxe5 Rf8 26. g3 Rf5 27. Qe3
Rc8 28. Re1 Re8 29. Rc2 Bc8 30. g4 Rff8 31. Kg2 Bd7 32. Qe5 Rf6 33. Nd1 Rc8 34.
Ne3 b4 35. Rec1 Rxc2+ 36. Rxc2 bxa3 37. bxa3 Rf7 38. Kg3 Qb3 39. Kf3 Qxa3 40.
h4 Qe7 41. Kg3 Qf6 42. Qxf6 gxf6 43. Ra2 Bc8 44. Nc2 Rg7 45. g5 h6 46. Kg4 hxg5
47. hxg5 e5+ 48. Kh4 exf4 49. gxf6 Rg4+ 50. Kh5 Rg2 0-1

[Event "Sparkassen-Open B"]
[Site "Heusenstamm, Martinsee"]
[Date "2016.11.27"]
[Round "5.32"]
[White "Mook, Karl-Jürgen"]
[Black "Werner, Rosalie"]
[Result "0-1"]
[WhiteElo "1535"]
[BlackElo "1380"]
[PlyCount "128"]
[EventDate "2016.??.??"]
[WhiteTeam "SC Sulzbach"]
[BlackTeam "VSG Offenbach"]

1. e4 e6 2. d3 d5 3. Nd2 Nf6 4. g3 Be7 5. Ngf3 O-O 6. Bg2 dxe4 7. dxe4 Nc6 8.
O-O e5 9. c3 Re8 10. Re1 Bg4 11. Qc2 Bc5 12. Nc4 h6 13. Be3 Bxe3 14. Rxe3 Qe7
15. Rd1 Rad8 16. h3 Bh5 17. Rd2 Rxd2 18. Nfxd2 Qc5 19. Rd3 Be2 20. b4 Bxd3 21.
Qxd3 Qe7 22. b5 Nb8 23. Qe3 a6 24. bxa6 Nxa6 25. Nb3 Nd7 26. Qe2 Nac5 27. Ne3
c6 28. Qd2 Nxb3 29. axb3 Nb6 30. Nf5 Qd7 31. Qxd7 Nxd7 32. Nd6 Rb8 33. h4 b5
34. Nf5 Ra8 35. Ne7+ Kf8 36. Nxc6 Rc8 37. Na7 Rxc3 38. Nxb5 Rxb3 39. Nd6 g6 40.
Bf1 Rb1 41. Kg2 Rd1 42. Nb5 Ke7 43. Bc4 f5 44. Nc3 Rc1 45. Nd5+ Kd6 46. Bb3
fxe4 47. Ne3 Kc5 48. Bf7 Nf8 49. Ng4 Kd4 50. Ne3 Rc3 51. Kf1 Rxe3 52. fxe3+
Kxe3 53. Kg2 Kd2 54. Kf1 e3 55. Bc4 Ne6 56. Be2 Nd4 57. Ba6 e2+ 58. Bxe2 Nxe2
59. Kf2 Nd4 60. g4 e4 61. Kg3 e3 62. Kf4 e2 63. h5 gxh5 64. gxh5 e1=Q 0-1

[Event "Sparkassen-Open B"]
[Site "Heusenstamm, Martinsee"]
[Date "2016.11.27"]
[Round "5.33"]
[White "Lehmann, Nils"]
[Black "Gräf, Jakob"]
[Result "1-0"]
[WhiteElo "1505"]
[BlackElo "1108"]
[PlyCount "137"]
[EventDate "2016.??.??"]
[WhiteTeam "SV Lahn Limburg"]
[BlackTeam "SV Frankfurt Nord"]

1. e4 c6 2. d4 d5 3. Nc3 g6 4. e5 e6 5. h4 Bg7 6. Bg5 Ne7 7. Qf3 Qb6 8. Bxe7
Kxe7 9. O-O-O a5 10. Na4 Qb4 11. Qb3 Nd7 12. c3 Qxb3 13. axb3 b5 14. Nc5 Nxc5
15. dxc5 Bxe5 16. Nf3 Bf4+ 17. Kb1 h5 18. g3 Bh6 19. Ne5 Bb7 20. f4 Bg7 21. Re1
a4 22. b4 a3 23. Rh2 a2+ 24. Ka1 Ra6 25. Rhe2 Bxe5 26. Rxe5 Bc8 27. Bg2 Bd7 28.
Bh3 Kf6 29. Rg1 Ra7 30. Rg2 Ra4 31. Re3 Be8 32. b3 Ra3 33. Rxa2 Rxa2+ 34. Kxa2
Bd7 35. Re1 Ra8+ 36. Kb2 Ra7 37. Ra1 Rxa1 38. Kxa1 Be8 39. Kb2 e5 40. Kc2 exf4
41. gxf4 Ke7 42. Kd3 Bd7 43. Bxd7 Kxd7 44. c4 dxc4+ 45. bxc4 bxc4+ 46. Kxc4 f6
47. Kd4 Ke6 48. Ke4 f5+ 49. Kd4 Kf6 50. b5 cxb5 51. c6 Ke7 52. Kc5 Kd8 53. Kxb5
Kc8 54. Kc5 Kc7 55. Kd5 Kd8 56. Ke5 Kc7 57. Kf6 Kxc6 58. Kxg6 Kd6 59. Kxf5 Ke7
60. Kg5 Kf7 61. Kxh5 Kf6 62. Kg4 Kf7 63. f5 Kf6 64. h5 Kg7 65. Kg5 Kf7 66. f6
Kg8 67. Kg6 Kf8 68. f7 Ke7 69. Kg7 1-0

[Event "Sparkassen-Open B"]
[Site "Heusenstamm, Martinsee"]
[Date "2016.11.27"]
[Round "5.34"]
[White "Hänselmann, Hendrik"]
[Black "Troeger, Beate"]
[Result "1-0"]
[WhiteElo "1337"]
[BlackElo "1499"]
[PlyCount "63"]
[EventDate "2016.??.??"]
[WhiteTeam "Karlsruher SF"]
[BlackTeam "Vorw.Orient Mainz"]

1. e4 c6 2. d4 d5 3. Nc3 e6 4. Nf3 Bb4 5. Bd3 Qb6 6. O-O Bxc3 7. bxc3 Ne7 8.
Bf4 Ng6 9. Bd6 Qd8 10. e5 Nd7 11. Rb1 Nb6 12. Qd2 Bd7 13. Rb4 Nc8 14. Rxb7 Nxd6
15. exd6 Bc8 16. Rb2 Qxd6 17. Rfb1 O-O 18. c4 Re8 19. Qa5 Qf4 20. Qc5 Ne7 21.
cxd5 exd5 22. Re1 Be6 23. Rb7 Qf6 24. Rxa7 Rxa7 25. Qxa7 Rc8 26. a4 h5 27. a5
Ng6 28. a6 Qd8 29. Bxg6 Ra8 30. Qb7 Rc8 31. Bxh5 Rc7 32. Qb6 1-0

[Event "Sparkassen-Open B"]
[Site "Heusenstamm, Martinsee"]
[Date "2016.11.27"]
[Round "5.35"]
[White "Grudniewski, Andreas"]
[Black "Bjoerknes, Uwe"]
[Result "1/2-1/2"]
[WhiteElo "1210"]
[BlackElo "1748"]
[PlyCount "35"]
[EventDate "2016.??.??"]
[WhiteTeam "SC Somborn"]
[BlackTeam "SC Bergen-Enkheim"]

1. d4 Nf6 2. c4 g6 3. Nc3 d5 4. cxd5 Nxd5 5. Nxd5 Qxd5 6. e3 Bg7 7. Nf3 O-O 8.
Qc2 c6 9. Bc4 Qd8 10. b3 c5 11. Bb2 cxd4 12. Nxd4 e5 13. Ne2 Bf5 14. Qd1 Nc6
15. O-O Qe7 16. Ng3 Be6 17. Rc1 Rfd8 18. Qe2 1/2-1/2

[Event "Sparkassen-Open B"]
[Site "Heusenstamm, Martinsee"]
[Date "2016.11.27"]
[Round "5.36"]
[White "Eckhoff, Mathias"]
[Black "Giebitz, Walter"]
[Result "1/2-1/2"]
[WhiteElo "968"]
[BlackElo "1495"]
[PlyCount "74"]
[EventDate "2016.??.??"]
[WhiteTeam "SK Hungen"]
[BlackTeam "SC Steinbach"]

1. e4 e5 2. Nf3 Nc6 3. Bc4 Be7 4. d3 h6 5. Be3 Nf6 6. Nbd2 O-O 7. c3 d6 8. O-O
Ng4 9. b4 a6 10. d4 exd4 11. Bxd4 Bf6 12. a3 Bxd4 13. cxd4 Nf6 14. e5 dxe5 15.
dxe5 Ng4 16. e6 Bxe6 17. Bxe6 fxe6 18. Qb3 Qd5 19. Qc3 Rad8 20. h3 Nf6 21. Rad1
Nd4 22. Nxd4 Qxd4 23. Qxc7 Rd7 24. Qc4 Kf7 25. Qxd4 Rxd4 26. Nf3 Rd5 27. Rxd5
Nxd5 28. Ne5+ Ke7 29. Ng6+ Kf7 30. Nxf8 Kxf8 31. Rc1 Ke7 32. Rc8 Kf6 33. Ra8
Nc7 34. Ra7 Nb5 35. Rxb7 Nxa3 36. Ra7 Nc2 37. Rxa6 Nxb4 1/2-1/2

[Event "Sparkassen-Open B"]
[Site "Heusenstamm, Martinsee"]
[Date "2016.11.27"]
[Round "5.37"]
[White "Held, Gerd"]
[Black "Mainka, Susanne"]
[Result "0-1"]
[WhiteElo "1464"]
[BlackElo "1147"]
[PlyCount "125"]
[EventDate "2016.??.??"]
[WhiteTeam "SC Groß-Zimmern"]
[BlackTeam "SG Wächtersbach"]

1. c4 c5 2. g3 e6 3. Bg2 Nf6 4. Nf3 d5 5. O-O Be7 6. Nc3 O-O 7. cxd5 exd5 8. b3
Nc6 9. d3 d4 10. Na4 Rb8 11. Nb2 Bd7 12. Nc4 Qc7 13. Bf4 Qd8 14. Bxb8 Qxb8 15.
a4 Nd5 16. Ncd2 Nc3 17. Qe1 Bg4 18. Ne4 Nxe4 19. dxe4 Bf6 20. Rc1 b6 21. h4 h6
22. Nh2 Ne5 23. f3 Be6 24. f4 Ng4 25. Nxg4 Bxg4 26. e5 Be7 27. e3 d3 28. Rc3
Rd8 29. Qd2 c4 30. Rxc4 a5 31. f5 Bb4 32. Qb2 Be2 33. Rd4 Bxf1 34. Rxd8+ Qxd8
35. Kxf1 d2 36. Bf3 d1=Q+ 37. Bxd1 Qxd1+ 38. Kg2 Bc5 39. Qc3 Qd5+ 40. Kf2 Bb4
41. Qc8+ Kh7 42. Qc4 Qd2+ 43. Kf3 Qd1+ 44. Kf4 f6 45. exf6 Bd6+ 46. Ke4 Qg4+
47. Kd3 Qxf5+ 48. Qe4 Qxe4+ 49. Kxe4 gxf6 50. g4 Kg6 51. Kf3 h5 52. e4 Be5 53.
gxh5+ Kxh5 54. Ke3 Kxh4 55. Kd3 Kg4 56. Ke3 Bf4+ 57. Kd4 Kf3 58. Kd5 Kg4 59.
Kc6 Be3 60. Kd5 Kf4 61. Ke6 Bd4 62. Kd5 Bc5 63. Ke6 0-1

[Event "Sparkassen-Open B"]
[Site "Heusenstamm, Martinsee"]
[Date "2016.11.27"]
[Round "5.38"]
[White "Popp, Johann"]
[Black "Lachmann, Irma"]
[Result "1-0"]
[WhiteElo "1442"]
[BlackElo "734"]
[PlyCount "35"]
[EventDate "2016.??.??"]
[WhiteTeam "SG Rödermark"]
[BlackTeam "FV Berkersheim"]

1. d4 b6 2. c4 Bb7 3. Bf4 e6 4. Nc3 Bb4 5. Qb3 a5 6. a3 Bxc3+ 7. Qxc3 Nf6 8.
Qb3 O-O 9. Nf3 Na6 10. g3 c5 11. Rd1 Qe7 12. Bg2 Qd8 13. O-O d5 14. Qc2 Rc8 15.
Be5 dxc4 16. Ng5 Bd5 17. Bxf6 Qxf6 18. Qxh7# 1-0

[Event "Sparkassen-Open B"]
[Site "Heusenstamm, Martinsee"]
[Date "2016.11.27"]
[Round "5.39"]
[White "Spill, Werner"]
[Black "Solovej, Philip"]
[Result "0-1"]
[WhiteElo "1436"]
[BlackElo "1132"]
[PlyCount "44"]
[EventDate "2016.??.??"]
[WhiteTeam "SC Königsspringer Alzenau"]
[BlackTeam "SK Gründau"]

1. Nc3 e5 2. e4 Bc5 3. f4 d6 4. Nf3 Bg4 5. Be2 Nc6 6. Na4 Bb6 7. Nxb6 axb6 8.
f5 Nf6 9. d3 h6 10. Be3 O-O 11. O-O d5 12. Qc1 Bxf3 13. Rxf3 dxe4 14. Rg3 Nd4
15. Bd1 Nxf5 16. Bxh6 Nxh6 17. Qg5 Ne8 18. Qxh6 Qd4+ 19. Kh1 Qxb2 20. Qh5 Qc3
21. Be2 Qxa1+ 22. Bd1 Qc3 0-1

[Event "Sparkassen-Open B"]
[Site "Heusenstamm, Martinsee"]
[Date "2016.11.27"]
[Round "5.40"]
[White "Häfner, Günther"]
[Black "Lambrecht, Harald"]
[Result "1/2-1/2"]
[WhiteElo "892"]
[BlackElo "1427"]
[PlyCount "44"]
[EventDate "2016.??.??"]
[WhiteTeam "FV Berkersheim"]
[BlackTeam "SK Celle-Westercelle"]

1. d4 d5 2. Nf3 Nf6 3. e3 c6 4. c4 dxc4 5. Bxc4 b5 6. Bb3 Bf5 7. Ne5 e6 8. O-O
Nfd7 9. f4 Nxe5 10. fxe5 Be7 11. Nd2 O-O 12. Qf3 Qb6 13. a3 Nd7 14. Ba2 c5 15.
Nb3 cxd4 16. exd4 a5 17. Be3 a4 18. Nd2 Qa6 19. Qg3 Bg6 20. h4 h5 21. Bb1 Bxb1
22. Raxb1 f5 1/2-1/2

[Event "Sparkassen-Open B"]
[Site "Heusenstamm, Martinsee"]
[Date "2016.11.27"]
[Round "5.42"]
[White "Junkers, Günter"]
[Black "Pessotschinski, Eduard"]
[Result "0-1"]
[WhiteElo "1255"]
[BlackElo "1139"]
[PlyCount "44"]
[EventDate "2016.??.??"]
[WhiteTeam "SG Rödermark"]
[BlackTeam "TuS Makkabi"]

1. e4 e5 2. Nf3 Nc6 3. d4 exd4 4. Nxd4 Nxd4 5. Qxd4 Nf6 6. Qe5+ Be7 7. Nc3 O-O
8. Bg5 Re8 9. Bd3 h6 10. Bh4 Nxe4 11. Qxe4 Bxh4 12. Qxe8+ Qxe8+ 13. Be2 d6 14.
O-O Bf6 15. Nd5 Qxe2 16. Nb4 Bxb2 17. Rae1 Qb5 18. Nd3 Be6 19. Rb1 Qg5 20. Rxb2
Bh3 21. Ne1 Re8 22. Nf3 Qxg2# 0-1

[Event "Sparkassen-Open B"]
[Site "Heusenstamm, Martinsee"]
[Date "2016.11.27"]
[Round "6.1"]
[White "Krychevskiy, Dmytro"]
[Black "Sikorra, Philipp"]
[Result "1-0"]
[WhiteElo "1692"]
[BlackElo "1790"]
[PlyCount "111"]
[EventDate "2016.??.??"]
[WhiteTeam "SV Oberursel"]
[BlackTeam "SC Ladja Roßdorf"]

1. e4 Nc6 2. d4 d5 3. Nc3 e6 4. Be3 Bb4 5. Bb5 Nge7 6. Qd3 dxe4 7. Qxe4 Nd5 8.
Nge2 Bd7 9. O-O Nxe3 10. fxe3 a6 11. Bd3 Qe7 12. a3 Bd6 13. b4 f5 14. Qf3 h5
15. e4 Qh4 16. g3 Qg4 17. Qxg4 fxg4 18. e5 Be7 19. Bg6+ Kd8 20. Ne4 Be8 21.
Bxe8 Kxe8 22. c3 Rf8 23. Rxf8+ Kxf8 24. Nf4 Kf7 25. Nxh5 g5 26. Rf1+ Kg6 27.
Nhf6 Rf8 28. Nxg4 Rxf1+ 29. Kxf1 Kf5 30. Ngf6 g4 31. Ke2 a5 32. Kd3 axb4 33.
axb4 b5 34. Ne8 Bxb4 35. Ng7+ Kg6 36. Nxe6 Ba5 37. N4c5 Kf5 38. Ng7+ Kg6 39.
Ne8 Kf5 40. Nf6 Ne7 41. Nce4 c6 42. Nf2 Nd5 43. Nxd5 cxd5 44. Nd1 b4 45. cxb4
Bxb4 46. Ne3+ Ke6 47. Nxg4 Ba3 48. Ne3 Be7 49. g4 Bh4 50. Nf5 Bf2 51. h4 Be1
52. Kc2 Bb4 53. Kb3 Bf8 54. Ka4 Kd7 55. Kb5 Ba3 56. h5 1-0

[Event "Sparkassen-Open B"]
[Site "Heusenstamm, Martinsee"]
[Date "2016.11.27"]
[Round "6.2"]
[White "Pogosian, Norair"]
[Black "Burow, Roger"]
[Result "1-0"]
[WhiteElo "1697"]
[BlackElo "1610"]
[PlyCount "73"]
[EventDate "2016.??.??"]
[WhiteTeam "SK Ötigheim"]
[BlackTeam "SV Kelsterbach"]

1. e4 e5 2. Nf3 Nc6 3. Bb5 a6 4. Ba4 Nf6 5. O-O Be7 6. Re1 b5 7. Bb3 O-O 8. c3
d5 9. exd5 Nxd5 10. Nxe5 Nxe5 11. Rxe5 Nf6 12. d4 Bd6 13. Re1 Ng4 14. h3 Qh4
15. Qf3 Nxf2 16. Re2 Bxh3 17. gxh3 Nxh3+ 18. Kg2 Nf4+ 19. Bxf4 Bxf4 20. Na3
Qg5+ 21. Kf1 Rad8 22. Rae1 c5 23. Re4 Bh2 24. Qg2 Qf5+ 25. Ke2 Qh5+ 26. Kf2 c4
27. Bd1 Qh6 28. Bf3 f5 29. Re6 Qh4+ 30. Ke2 Rde8 31. Kd1 Bg3 32. Rxe8 Bxe1 33.
Rxe1 f4 34. Rh1 Qg3 35. Qxg3 fxg3 36. Rf1 Kh8 37. Bg2 1-0

[Event "Sparkassen-Open B"]
[Site "Heusenstamm, Martinsee"]
[Date "2016.11.27"]
[Round "6.3"]
[White "Mehl, Ulrich"]
[Black "Mainka, Walter"]
[Result "1-0"]
[WhiteElo "1556"]
[BlackElo "1601"]
[PlyCount "63"]
[EventDate "2016.??.??"]
[WhiteTeam "FV Berkersheim"]
[BlackTeam "SG Wächtersbach"]

1. d4 d5 2. c4 e6 3. Nc3 Nf6 4. Bg5 Be7 5. cxd5 exd5 6. e3 c6 7. Bd3 g6 8. Nge2
O-O 9. Qc2 Nh5 10. Bh6 Ng7 11. h4 Bxh4 12. Bxg7 Kxg7 13. g3 Be7 14. O-O-O Bg4
15. Rh2 Bf3 16. Re1 f5 17. Nf4 Qd7 18. Be2 Be4 19. Nxe4 fxe4 20. Reh1 Rh8 21.
f3 Bg5 22. fxe4 Bxf4 23. gxf4 Na6 24. e5 Nb4 25. Qd1 Qf5 26. Qb3 a5 27. a3 c5
28. dxc5 Rac8 29. axb4 axb4 30. Qxd5 Rc7 31. Bc4 Rd7 32. Rxh7+ 1-0

[Event "Sparkassen-Open B"]
[Site "Heusenstamm, Martinsee"]
[Date "2016.11.27"]
[Round "6.4"]
[White "Hauk, Roland"]
[Black "Lietzau, Olaf"]
[Result "1-0"]
[WhiteElo "1739"]
[BlackElo "1728"]
[PlyCount "57"]
[EventDate "2016.??.??"]
[WhiteTeam "SK Endingen"]
[BlackTeam "SC Obertshausen"]

1. e4 g6 2. d4 d6 3. Nc3 Bg7 4. Be2 Nf6 5. Be3 h6 6. f4 Nc6 7. e5 dxe5 8. fxe5
Nd5 9. Nxd5 Qxd5 10. Bf3 Qa5+ 11. c3 O-O 12. Ne2 Rd8 13. Qc2 Bf5 14. Be4 Bxe4
15. Qxe4 Qb5 16. Qc2 Qd5 17. O-O Qd7 18. Rf3 Rf8 19. Raf1 e6 20. Rh3 h5 21. Ng3
h4 22. Rxh4 Qe7 23. Rg4 Nb8 24. Bg5 Qe8 25. Ne4 f5 26. exf6 Qf7 27. Rgf4 Bh8
28. Bh6 Qe8 29. f7+ 1-0

[Event "Sparkassen-Open B"]
[Site "Heusenstamm, Martinsee"]
[Date "2016.11.27"]
[Round "6.5"]
[White "Baranyai-Molnar, Adam-Kristof"]
[Black "Bayer, Martin"]
[Result "1-0"]
[WhiteElo "1663"]
[BlackElo "1765"]
[PlyCount "121"]
[EventDate "2016.??.??"]
[WhiteTeam "SF Neuberg"]
[BlackTeam "SK Gründau"]

1. e4 e5 2. f4 exf4 3. Nf3 g5 4. h4 f6 5. Nxg5 h5 6. Nf3 d5 7. e5 fxe5 8. Nxe5
Qe7 9. Qe2 Bg4 10. Nxg4 hxg4 11. d4 f3 12. gxf3 gxf3 13. Qe3 Nd7 14. Nc3 c6 15.
Bd2 O-O-O 16. O-O-O Qxe3 17. Bxe3 Be7 18. h5 Ngf6 19. Rh3 Rxh5 20. Rxf3 Rdh8
21. Bd3 Ng4 22. Bd2 Bd6 23. Bf5 Ngf6 24. Be6 Kc7 25. Rg1 Rh1 26. Rff1 Rxg1 27.
Rxg1 Re8 28. Bf5 Re7 29. Bg5 Rg7 30. Ne2 b6 31. c3 Nh5 32. Kc2 c5 33. b3 Kc6
34. c4 Ndf6 35. cxd5+ Nxd5 36. Be4 Nhf4 37. Bxf4 Rxg1 38. Nxg1 Bxf4 39. Ne2 Kd6
40. Bxd5 Kxd5 41. Nxf4+ Kxd4 42. Ne2+ Kd5 43. Kd3 b5 44. Nc3+ Kc6 45. a4 bxa4
46. bxa4 Kb6 47. Kc4 a6 48. Nd5+ Ka5 49. Kb3 c4+ 50. Ka3 c3 51. Nxc3 Kb6 52.
Kb4 Ka7 53. a5 Kb7 54. Kc5 Kc7 55. Nd5+ Kb7 56. Kd6 Kb8 57. Kc6 Ka7 58. Kc7 Ka8
59. Kb6 Kb8 60. Kxa6 Ka8 61. Nc7+ 1-0

[Event "Sparkassen-Open B"]
[Site "Heusenstamm, Martinsee"]
[Date "2016.11.27"]
[Round "6.6"]
[White "Künitz, Klaus"]
[Black "Renger, Jürgen"]
[Result "1-0"]
[WhiteElo "1757"]
[BlackElo "1628"]
[PlyCount "97"]
[EventDate "2016.??.??"]
[WhiteTeam "TSV Schott Mainz"]
[BlackTeam "Sges Bensheim"]

1. d4 Nf6 2. c4 e6 3. Nf3 b6 4. Bg5 h6 5. Bh4 Bb4+ 6. Nbd2 Bb7 7. a3 Be7 8. e3
d5 9. cxd5 exd5 10. b4 O-O 11. Bd3 Ne4 12. Bxe7 Qxe7 13. O-O Nd7 14. Nb3 Ndf6
15. Rc1 Rac8 16. Qe2 c5 17. bxc5 bxc5 18. dxc5 Nxc5 19. Nxc5 Rxc5 20. Rxc5 Qxc5
21. Qb2 Qe7 22. Nd4 Ng4 23. Nf5 Qe5 24. Qxe5 Nxe5 25. Be2 Rd8 26. Rd1 Kf8 27.
f4 Ng6 28. Rc1 Ne7 29. Nxg7 Kxg7 30. Rc7 Nf5 31. Rxb7 Nxe3 32. Rxa7 d4 33. Bd3
Rd6 34. Kf2 Kf6 35. Ra6 Ke6 36. Kf3 f5 37. Rxd6+ Kxd6 38. a4 Kc5 39. a5 Kc6 40.
h3 h5 41. g3 Kc5 42. Kf2 Kc6 43. Be2 Kc5 44. Bxh5 Kc4 45. a6 Nd5 46. a7 Nb6 47.
Ke1 Kc3 48. Kd1 Kd3 49. Bf3 1-0

[Event "Sparkassen-Open B"]
[Site "Heusenstamm, Martinsee"]
[Date "2016.11.27"]
[Round "6.7"]
[White "Mügendt, Brian Christopher"]
[Black "Kellner, Günter"]
[Result "1-0"]
[WhiteElo "1720"]
[BlackElo "1587"]
[PlyCount "53"]
[EventDate "2016.??.??"]
[WhiteTeam "SC Heusenstamm"]
[BlackTeam "Obertshausen"]

1. e4 c5 2. Nc3 Nc6 3. f4 e6 4. Nf3 d5 5. exd5 exd5 6. Bb5 a6 7. Bxc6+ bxc6 8.
Qe2+ Qe7 9. Ne5 Bb7 10. O-O Nf6 11. d3 g6 12. Qf2 O-O-O 13. Na4 Nd7 14. Nxd7
Rxd7 15. Nb6+ Kb8 16. Nxd7+ Qxd7 17. f5 Bd6 18. Bf4 Ka7 19. Bxd6 Qxd6 20. d4
Bc8 21. fxg6 hxg6 22. Qxf7+ Ka8 23. Qf4 Qd7 24. Rae1 Qh7 25. Qd6 Bf5 26. Qxc6+
Kb8 27. Qd6+ 1-0

[Event "Sparkassen-Open B"]
[Site "Heusenstamm, Martinsee"]
[Date "2016.11.27"]
[Round "6.8"]
[White "Hagner, Bennet"]
[Black "Meyer, Marcel"]
[Result "0-1"]
[WhiteElo "1543"]
[BlackElo "1709"]
[PlyCount "172"]
[EventDate "2016.??.??"]
[WhiteTeam "Frankfurter TV"]
[BlackTeam "SC Herborn"]

1. e4 c6 2. Nc3 d5 3. Nf3 dxe4 4. Nxe4 Bg4 5. h3 Bxf3 6. Qxf3 Nd7 7. Bc4 Ne5 8.
Qc3 Nxc4 9. Qxc4 Qd5 10. Qxd5 cxd5 11. Nc3 Nf6 12. d3 e6 13. Nb5 Rc8 14. c3 a6
15. Nd4 Bc5 16. Be3 O-O 17. Nb3 Bxe3 18. fxe3 Nd7 19. Rf1 Nc5 20. Nxc5 Rxc5 21.
O-O-O b5 22. Kd2 Rfc8 23. Rc1 Kf8 24. Rf2 b4 25. g4 Ke7 26. h4 Ra5 27. Rcf1
bxc3+ 28. Kc2 cxb2+ 29. Kxb2 Rb5+ 30. Ka1 f6 31. Re2 Rb4 32. d4 Rbc4 33. Kb2
Rb8+ 34. Ka1 Rbc8 35. Kb2 Rb8+ 36. Ka1 h6 37. Ref2 Rbc8 38. Kb2 Rb8+ 39. Ka1
Rbc8 40. Kb2 Rb4+ 41. Ka1 a5 42. Rg2 Rbc4 43. Kb2 Rb4+ 44. Ka1 Rbc4 45. Kb2
Rb4+ 46. Ka1 Rc3 47. Re2 Rc6 48. Rfe1 Rbc4 49. Kb2 Rb4+ 50. Ka1 Rbc4 51. Kb2
Rb4+ 52. Ka1 e5 53. g5 hxg5 54. hxg5 Re6 55. gxf6+ gxf6 56. Rh2 Kd6 57. Rc1
exd4 58. exd4 Re4 59. Rf2 Re6 60. Rfc2 Rxd4 61. Rc6+ Ke5 62. R6c5 a4 63. Kb2
Rb6+ 64. Ka3 Rbb4 65. Rc8 Rbc4 66. Re8+ Kd6 67. Rf1 Rf4 68. Rfe1 Rfe4 69. Rd8+
Ke7 70. Rxe4+ dxe4 71. Rd1 e3 72. Kb2 f5 73. a3 f4 74. Re1 Ke6 75. Kb1 Ke5 76.
Kb2 Ke4 77. Kb1 f3 78. Rh1 Kd3 79. Rd1+ Ke2 80. Rd8 f2 81. Rf8 f1=Q+ 82. Rxf1
Kxf1 83. Kb2 e2 84. Ka2 e1=Q 85. Kb2 Qc1+ 86. Ka2 Rc2# 0-1

[Event "Sparkassen-Open B"]
[Site "Heusenstamm, Martinsee"]
[Date "2016.11.27"]
[Round "6.9"]
[White "Peteani, Damien"]
[Black "Riemann, Jonas"]
[Result "1/2-1/2"]
[WhiteElo "1679"]
[BlackElo "1527"]
[PlyCount "91"]
[EventDate "2016.??.??"]
[WhiteTeam "SV Groß-Gerau"]
[BlackTeam "SK Bickenbach"]

1. e4 e6 2. d4 d5 3. e5 c5 4. c3 Nc6 5. Nf3 Nge7 6. a3 Nf5 7. b4 cxb4 8. cxb4
a6 9. Nc3 Be7 10. Be3 O-O 11. Bd3 h6 12. O-O b5 13. Rc1 Bb7 14. Ne2 Rc8 15. Ng3
Qd7 16. Nxf5 exf5 17. Qd2 Qe6 18. Ne1 Nb8 19. Rxc8 Rxc8 20. g3 Nd7 21. Ng2 g5
22. f4 g4 23. Rc1 Nb6 24. Rxc8+ Qxc8 25. Qc2 Qxc2 26. Bxc2 Bc8 27. Bc1 Nc4 28.
Ne3 Nxe3 29. Bxe3 Kf8 30. Kf2 Ke8 31. Ke2 Kd8 32. Kd2 Kc7 33. Kc3 Kb6 34. Kb3
Bd7 35. Bd2 Kb7 36. Bd3 Bd8 37. Bf1 Bb6 38. Bc3 h5 39. h3 Bd8 40. hxg4 hxg4 41.
Bd3 Kb6 42. Bc2 Be7 43. a4 Kc7 44. Bd3 Kb7 45. Ka3 Kb6 46. a5+ 1/2-1/2

[Event "Sparkassen-Open B"]
[Site "Heusenstamm, Martinsee"]
[Date "2016.11.27"]
[Round "6.10"]
[White "Senatov, Boris"]
[Black "Hambel, Christoph"]
[Result "1-0"]
[WhiteElo "1404"]
[BlackElo "1671"]
[PlyCount "27"]
[EventDate "2016.??.??"]
[WhiteTeam "SC Heusenstamm"]
[BlackTeam "Bad Vilbeler Sfr"]

1. e4 d5 2. exd5 Nf6 3. d4 Nxd5 4. c4 Nf6 5. Nf3 Bf5 6. Nc3 e6 7. Be2 c5 8. O-O
Nc6 9. d5 exd5 10. cxd5 Ne7 11. Re1 Qb6 12. Bb5+ Kd8 13. Ne5 Bg6 14. Nc4 1-0

[Event "Sparkassen-Open B"]
[Site "Heusenstamm, Martinsee"]
[Date "2016.11.27"]
[Round "6.11"]
[White "Rupp, Arnim"]
[Black "Schlömer, Andreas"]
[Result "0-1"]
[WhiteElo "1280"]
[BlackElo "1756"]
[PlyCount "82"]
[EventDate "2016.??.??"]
[WhiteTeam "SC Eschborn"]
[BlackTeam "SK Upland Willingen"]

1. d4 Nf6 2. Nf3 e6 3. Bg5 Be7 4. h3 b6 5. e3 Bb7 6. Be2 O-O 7. O-O d6 8. c4 c5
9. Nc3 cxd4 10. exd4 Nbd7 11. Qc2 Rc8 12. b3 d5 13. Ne5 dxc4 14. Bxc4 Nd5 15.
Bxd5 Bxd5 16. Bxe7 Qxe7 17. Qd2 Bb7 18. Rfe1 Rfd8 19. Rad1 Nxe5 20. Rxe5 Qf6
21. Qe3 h6 22. d5 Qg6 23. g3 exd5 24. Nxd5 Bxd5 25. Rdxd5 Rxd5 26. Rxd5 Qb1+
27. Kg2 Qxa2 28. Re5 Qc2 29. Re8+ Kh7 30. Rxc8 Qxc8 31. Qe7 Qc6+ 32. Kh2 Qe6
33. Qa3 a5 34. h4 Qf5 35. Qb2 b5 36. Qd4 Qc2 37. Qe3 a4 38. b4 Qc4 39. Qe5 a3
40. Qa1 Qb3 41. Qe5 Qb1 0-1

[Event "Sparkassen-Open B"]
[Site "Heusenstamm, Martinsee"]
[Date "2016.11.27"]
[Round "6.12"]
[White "Füssel, Jan Michael"]
[Black "Thede, Stefan"]
[Result "1-0"]
[WhiteElo "1754"]
[BlackElo "1646"]
[PlyCount "115"]
[EventDate "2016.??.??"]
[WhiteTeam "VSG Offenbach"]
[BlackTeam "SV Frankfurt Nord"]

1. b3 d6 2. Bb2 Nf6 3. Nf3 g6 4. g3 Bg7 5. Bg2 c6 6. O-O O-O 7. c4 Na6 8. d4
Bf5 9. Nc3 Qd7 10. Re1 Bh3 11. Bh1 h6 12. Nd2 e5 13. dxe5 dxe5 14. Nde4 Qc7 15.
Qd6 Be6 16. Nxf6+ Bxf6 17. Ne4 Bg7 18. Red1 Rad8 19. Qxc7 Nxc7 20. Nc5 Bc8 21.
Kf1 Ne6 22. Ba3 Rfe8 23. Ne4 Nd4 24. Rac1 Nf5 25. g4 Rxd1+ 26. Rxd1 Nd4 27. h3
f5 28. Nd6 Rd8 29. Nxc8 Rxc8 30. e3 Nc2 31. Bb2 fxg4 32. hxg4 Rf8 33. Ke2 Nb4
34. Rd7 Rf7 35. Rd8+ Rf8 36. Rd6 g5 37. Be4 Nxa2 38. Bg6 Rf6 39. Rd8+ Rf8 40.
Rd7 Rf6 41. Bh5 Rf8 42. Rxb7 Rd8 43. f4 a5 44. f5 Bf6 45. Bf7+ Kf8 46. Ba3+ Nb4
47. Bxb4+ axb4 48. Be6 Be7 49. f6 Bd6 50. Rh7 Ke8 51. Rxh6 Bf8 52. Rh7 e4 53.
Rc7 Bd6 54. Rxc6 Kf8 55. Bf5 Be5 56. Bxe4 Bc3 57. Bd5 Ra8 58. Kf3 1-0